000 00573nam a22002297a 4500
003 UA-OsUOA
001 54527
007 ta
008 20080623b un ||||| |||| 00| 0 ukr d
100 _aМасур І.
700 _aРуденко І.
090 _a94(477)
_bМ-12
942 _cSA
040 _aUA-OsUOA
_bukr
_cUA-OsUOA
_dUA-OsUOA
245 _a1932-1933 роки: спогади живих
300 _aС.21
955 _a0
041 _aukr
080 _a94(477)
773 0 _w54526
650 7 _a9 Географія. Біографії. Історія
_2UDC
999 _c340498
_d340498